| 000 | 00575nam a2200217 i 4500 | ||
|---|---|---|---|
| 001 | bg | ||
| 100 | 1 | _aBOWEN, Tim | |
| 245 | 1 | 0 |
_aBuild your business grammar / _cTim Bowen. |
| 260 |
_aHove : _bLTP, _c1999. |
||
| 300 |
_a96 p. : _bill. ; _c24 cm. |
||
| 650 | 9 |
_aJęzyk angielski _xgramatyka _xnauczanie |
|
| 650 | 9 |
_aNauki ekonomiczne _xsłownictwo |
|
| 655 | _aPodręczniki | ||
| 020 | _a1899396454 | ||
| 040 | _cBPK | ||
| 041 | 0 | _aen | |
| 080 | _a372.881.111.1::811.111'36:33 | ||
| 920 | _a1-899396-45-4 | ||
| 942 | _cKS | ||
| 008 | s pl f |000 0 pol | ||
| 999 |
_c38634 _d38634 |
||